00982cam a22002651 4500001001300000003000400013005001700017008004100034010001700075035001900092040002700111042001200138050002600150051001500176100004600191245012000237260004300357300001900400490005500419500007100474500009400545504003000639650003000669999001700699e 22000035 DLC20260227111213.0790625s1922 dcu f001 0 eng  ae 22000035  a(OCoLC)5105431 aDLCcMiAdCdOCoLCdDLC apremarc00aL111b.A6 1921, no. 8 aLA209b.O81 aOsburn, W. J.q(Worth James),d1882-1956.10aForeign criticism of American education,cby W. J. Osburn of the Department of education of the state of Wisconsin. aWashington,bGovt. print. off.,c1922. a158 p.c23 cm.0 a[U.S.] Bureau of education. Bulletin, 1921,vno. 8 aAt head of title: Department of the interior. Bureau of education. aAuthor's doctoral dissertation, Columbia university, 1922, but not published as a thesis. aBibliography: p. 152-156. 0aEducationzUnited States. c20497d20497